ELECTRICAL TECHNOLOGY VOL III (Record no. 5408)

MARC details
000 -LEADER
fixed length control field 00351nam a22001457a 4500
005 - DATE AND TIME OF LATEST TRANSACTION
control field 20170401162436.0
008 - FIXED-LENGTH DATA ELEMENTS--GENERAL INFORMATION
fixed length control field 170401b xxu||||| |||| 00| 0 eng d
020 ## - INTERNATIONAL STANDARD BOOK NUMBER
ISBN 978-81-219-2490-0
041 ## - LANGUAGE CODE
Language code of text/sound track or separate title eng
100 ## - MAIN ENTRY--AUTHOR NAME
Personal name THERAJA,B.L
245 ## - TITLE STATEMENT
Title ELECTRICAL TECHNOLOGY VOL III
260 ## - PUBLICATION, DISTRIBUTION, ETC. (IMPRINT)
Name of publisher S CHAND
Year of publication 216
650 ## - SUBJECT ADDED ENTRY--TOPICAL TERM
Topical Term ENGINEERING
942 ## - ADDED ENTRY ELEMENTS (KOHA)
Koha item type Books
Holdings
Lost status Damaged status Home library Current library Shelving location Date acquired Source of acquisition Cost, normal purchase price Accession Number Koha item type
    JRU Library   SHELF-38-K 14/02/2023 PURCHASE 495.00 21683 Books
    JRU Library   SHELF-38-K 14/02/2023 PURCHASE 495.00 21684 Books
    JRU Library   SHELF-38-K 14/02/2023 PURCHASE 495.00 21682 Books